000 00654nam a2200217 i 4500
001 75755
003 ES-MaACL
005 20230906172602.0
007 t|
008 040927s1974 sp |||| | spa d
080 _a821.131.1-31"19"
100 1 _aGuareschi, Giovanni.
_960332
245 1 0 _aDon Camilo y los jóvenes de hoy
_b: novela /
_cGiovanni Guareschi ; [traducción de Domingo Pruna].
260 _aEsplugas de Llobregat (Barcelona) :
_bPlaza & Janés,
_c[1974]
300 _a138 p. ;
_c19 cm.
490 1 _aRotativa
700 1 _aPruna, Domingo.
_994081
830 0 _aRotativa
_9179597
852 _aES-MaACL
_jE-5959
999 _c75755
_d75755